000 00712nam a22002412 4500
001 0000005769
005 20151217155212.0
008 070716s xx 000 0 eng d
020 _a813170436X :
_cKES 750
040 _aKABU
_cKABU
050 0 _aQA76
_b.I85
110 2 _aITL Education Solutions.
_@0000156044
245 1 0 _aIntroduction to computer science.
260 _aNew Delhi :
_bPearsons,
_c2004.
300 _axii, 496 p.
650 0 _aComputer science.
_@0000058480
908 _a070716
950 _@1
999 _c11956
_d11956